Statistics for The World

Click here to take the quiz!

General Stats

  • This quiz has been taken 9 times
  • The average score is 7 of 15

Answer Stats

HintAnswer% Correct
DominicanRepublic
80%
Starts with a UnitUnited states
80%
Are bombingRussia
60%
Underneath Yangtze RiverShanghai
60%
They are getting bombedUkraine
60%
Ends with an aCanada
40%
I live inCheapside
40%
Myra lives inFisherville
40%
Norfolk CountyHaldimand County
40%
Isaac lives inJarvis
40%
USA Canada MexicoPanama
40%
Haiti JamaicaPeru
40%
Has the word Be in itBejing
20%
River went toMexico
20%
Starts with NeNells Corners
20%

Score Distribution

Percentile by Number Answered

Percent of People with Each Score

Your Score History

You have not taken this quiz